Catálogo

Buscando el bienestar de los pobres : (Registro nro. 26448)

Detalles MARC
000 -LEADER
fixed length control field 01586cam a2200397 a 4500
001 - CONTROL NUMBER
control field 26448
003 - CONTROL NUMBER IDENTIFIER
control field Mx-PuUPA
005 - DATE AND TIME OF LATEST TRANSACTION
control field 20240808100321.0
008 - FIXED-LENGTH DATA ELEMENTS--GENERAL INFORMATION
fixed length control field 140415s2003 pe d gr 000 0 spa d
017 ## - COPYRIGHT OR LEGAL DEPOSIT NUMBER
Copyright or legal deposit number 150105-2003-5078
020 ## - INTERNATIONAL STANDARD BOOK NUMBER
International Standard Book Number 9972570401
040 ## - CATALOGING SOURCE
Transcribing agency Mx-PuUPA
Original cataloging agency Mx-PuUPA
Language of cataloging spa
Modifying agency Mx-PuUPA
Description conventions rda
041 0# - LANGUAGE CODE
Language code of text/sound track or separate title spa
245 00 - TITLE STATEMENT
Title Buscando el bienestar de los pobres :
Remainder of title ¿cuán lejos estamos? /
Statement of responsibility, etc. Enrique Vásquez H., Diego Winkelried Q., editores ; con la participación de Daniel Caro V., Claudia Mendieta N., Álvaro Monge [y otros cuatro]
246 14 - VARYING FORM OF TITLE
Title proper/short title [Buscando el bienestar de los pobres] :
Remainder of title ¿cuán lejos estamos?.
250 ## - EDITION STATEMENT
Edition statement 1a edición /
Remainder of edition statement noviembre
264 #1 - PRODUCTION, PUBLICATION, DISTRIBUTION, MANUFACTURE, AND COPYRIGHT NOTICE
Place of production, publication, distribution, manufacture Lima, Perú :
Name of producer, publisher, distributor, manufacturer Universidad del Pacífico,
Date of production, publication, distribution, manufacture, or copyright notice 2003
300 ## - PHYSICAL DESCRIPTION
Extent 307 páginas :
Other physical details diagramas, tablas ;
Dimensions 25 cm
336 ## - CONTENT TYPE
Fuente rdacontent
Content type term texto
Content type code txt
337 ## - MEDIA TYPE
Source rdamedia
Media type term sin medio
Media type code n
338 ## - CARRIER TYPE
Source rdacarrier
Carrier type term volumen
Carrier type code nc
650 #7 - SUBJECT ADDED ENTRY--TOPICAL TERM
Source of heading or term armarc
Topical term or geographic name entry element Ayuda alimentaria
650 #7 - SUBJECT ADDED ENTRY--TOPICAL TERM
Source of heading or term armarc
Topical term or geographic name entry element Indicadores económicos
Geographic subdivision Perú
650 #7 - SUBJECT ADDED ENTRY--TOPICAL TERM
Source of heading or term armarc
Topical term or geographic name entry element Asistencia económica
Geographic subdivision Perú
650 #7 - SUBJECT ADDED ENTRY--TOPICAL TERM
Source of heading or term armarc
Topical term or geographic name entry element Pobreza
Geographic subdivision Perú
650 #7 - SUBJECT ADDED ENTRY--TOPICAL TERM
Source of heading or term armarc
Topical term or geographic name entry element Asistencia pública
Geographic subdivision Perú
700 1# - ADDED ENTRY--PERSONAL NAME
Personal name Vásquez, Enrique,
Relator term editor
9 (RLIN) 16055
700 1# - ADDED ENTRY--PERSONAL NAME
Personal name Winkelried, Diego,
Relator term editor
700 1# - ADDED ENTRY--PERSONAL NAME
Personal name Caro V., Daniel,
Relator term colaborador
700 1# - ADDED ENTRY--PERSONAL NAME
Personal name Mendieta N., Claudia,
Relator term colaborador
700 1# - ADDED ENTRY--PERSONAL NAME
Personal name Monge, Álvaro,
Relator term colaborador
942 ## - ADDED ENTRY ELEMENTS (KOHA)
Source of classification or shelving scheme Dewey Decimal Classification
Koha item type Libro
Classification part 339.460985
Item part B976
Existencias
Withdrawn status Lost status Source of classification or shelving scheme Damaged status Not for loan Collection code Home library Current library Shelving location Date acquired Source of acquisition Total Checkouts Full call number Barcode Date last seen Price effective from Koha item type
    Dewey Decimal Classification     General Biblioteca Karol Wojtyla Biblioteca Karol Wojtyla Sala general 03/12/2013 Donación   339.460985 B976 2003 49139 05/01/2026 03/12/2013 Libro